Project Report PR/INT/724/03 Improving Road Safety by Reducing Impaired Driving in Developing Countries: A Scoping Study / (Record no. 2199)
[ view plain ]
| 000 -LEADER | |
|---|---|
| fixed length control field | 00377 a2200097 4500 |
| 082 ## - DEWEY DECIMAL CLASSIFICATION NUMBER | |
| Classification number | 363.125 DAV |
| 100 ## - MAIN ENTRY--PERSONAL NAME | |
| Personal name | Davis, A |
| 245 ## - TITLE STATEMENT | |
| Title | Project Report PR/INT/724/03 Improving Road Safety by Reducing Impaired Driving in Developing Countries: A Scoping Study / |
| Statement of responsibility, etc. | A Davis...[et al] |
| 260 ## - PUBLICATION, DISTRIBUTION, ETC. | |
| Place of publication, distribution, etc. | UK : |
| Name of publisher, distributor, etc. | Department for International Development, |
| Date of publication, distribution, etc. | 2003 |
| 300 ## - PHYSICAL DESCRIPTION | |
| Extent | x, 162p. : |
| Other physical details | ill. ; |
| Dimensions | 30 cm |
| 650 ## - SUBJECT ADDED ENTRY--TOPICAL TERM | |
| Topical term or geographic name entry element | Road Safety |
| Withdrawn status | Lost status | Damaged status | Not for loan | Permanent Location | Current Location | Shelving location | Date acquired | Total Checkouts | Full call number | Barcode | Date last seen | Price effective from | Koha item type |
|---|---|---|---|---|---|---|---|---|---|---|---|---|---|
| School of Civil and Environmental Engineering (SCEE) | School of Civil and Environmental Engineering (SCEE) | 363.125 DAV | NIT-2273 | 01/05/2017 | 01/05/2017 | Book |
